Largest Cities in Central European Countries - Statistics

General Stats
  • This quiz has been taken 1,187 times
    1,158 since last reset
  • The average score is 36 of 90
Answer Stats
Rank City Population % Correct
Austria 1 Vienna 2,221,476
96%
Poland 2 Warsaw 2,660,406
96%
Germany 1 Berlin 4,439,100
95%
Switzerland 5 Bern 275,667
95%
Switzerland 1 Zurich 1,099,791
95%
Czechia 1 Prague 1,308,632
94%
Hungary 1 Budapest 1,752,286
93%
Switzerland 2 Geneva 511,749
92%
Germany 4 Munich 1,994,200
92%
Germany 2 Hamburg 2,474,900
90%
Slovakia 1 Bratislava 432,864
89%
Poland 3 Kraków 1,264,322
89%
Germany 5 Frankfurt 1,508,700
87%
Slovenia 1 Ljubljana 284,355
85%
Liechtenstein 2 Vaduz 5,625
84%
Poland 5 Gdansk 1,105,203
83%
Austria 4 Salzburg 228,629
83%
Germany 3 Cologne - Bonn 2,452,800
82%
Germany 6 Stuttgart 1,367,400
78%
Switzerland 3 Basel 416.740
76%
Austria 2 Graz 344,782
71%
Austria 5 Innsbruck 228,525
70%
Czechia 2 Brno 380,681
68%
Germany 7 Dusseldorf 980,900
67%
Poland 4 Łódź 1,163,516
67%
Germany 8 Nuremberg 905,400
65%
Switzerland 4 Lausanne 302,348
62%
Germany 9 Bremen 900,700
61%
Austria 3 Linz 271,231
61%
Poland 1 Katowice 2,710,397
60%
Poland 6 Wrocław 1,031,439
60%
Poland 7 Poznań 1,018,511
53%
Switzerland 6 Lucerne 195,753
47%
Czechia 4 Plzeň 172,441
47%
Slovakia 2 Košice 238,757
46%
Germany 10 Mannheim 884,800
46%
Czechia 3 Ostrava 289,128
46%
Hungary 2 Debrecen 201,432
44%
Slovenia 2 Maribor 95,767
42%
Poland 9 Szczecin 777,806
40%
Poland 10 Lublin 652,642
38%
Switzerland 9 Lugano 119,741
34%
Switzerland 7 St. Gallen 127,805
33%
Austria 7 Klagenfurt 114,464
29%
Hungary 5 Pécs 142,873
29%
Poland 8 Bydgoszcz 878,314
26%
Hungary 6 Győr 132,038
26%
Hungary 3 Szeged 160,766
26%
Liechtenstein 1 Schaan 6,016
25%
Czechia 6 Olomouc 100,523
23%
Switzerland 8 Winterthur 121,189
23%
Czechia 5 Liberec 104,445
22%
Slovakia 6 Nitra 76,655
19%
Slovakia 4 Žilina 80,810
19%
Hungary 4 Miskolc 154,521
18%
Slovakia 3 Prešov 88,680
18%
Czechia 7 České Budějovice 94,014
17%
Slovenia 5 Koper 25,611
17%
Slovakia 5 Banská Bystrica 78,327
14%
Czechia 9 Hradec Králové 92,742
14%
Slovakia 7 Trnava 65,207
14%
Slovenia 3 Celje 37,875
13%
Czechia 10 Pardubice 90,688
13%
Slovakia 8 Trenčín 55,333
12%
Czechia 8 Ústí nad Labem 92,952
12%
Austria 6 Bregenz 165.420
11%
Slovenia 4 Kranj 37,463
11%
Hungary 9 Székesfehérvár 96,940
11%
Switzerland 10 Zug 116,378
11%
Austria 10 Wiener Neustadt 68,252
10%
Austria 9 Wels 88,599
9%
Slovakia 9 Martin 54,618
8%
Slovenia 7 Novo Mesto 23,719
8%
Slovakia 10 Poprad 51,304
8%
Slovenia 8 Ptuj 17,858
8%
Hungary 8 Kecskemét 110,687
7%
Hungary 7 Nyíregyháza 116,799
7%
Hungary 10 Szombathely 78,407
7%
Liechtenstein 3 Triesen 5,201
6%
Liechtenstein 4 Balzers 4,594
5%
Liechtenstein 5 Eschen 4,416
4%
Austria 8 Feldkirch 112,232
4%
Liechtenstein 7 Triesenberg 2,636
4%
Slovenia 6 Velenje 25,327
4%
Slovenia 9 Kamnik 13,742
3%
Liechtenstein 6 Mauren 4,389
3%
Liechtenstein 10 Schellenberg 1,084
3%
Liechtenstein 8 Ruggell 2,276
2%
Slovenia 10 Trbovlje 13,718
2%
Liechtenstein 9 Gamprin 1,671
1%
No matching quizzes found
Score Distribution
Percent of People with Each Score
Percentile by Number Answered
Your Score History
You have not taken this quiz since the last reset